000 00752cam0a220016900 4500
001 zam00004116
035 _a(Sirsi) r134116
050 _aLC 142 BJE 1967
008 970717n xx eng u
100 _aKumar, Shubh K.
245 1 0 _aImpact of subsidized Rice on food consumption and nutrition in Kerala.
260 _aWashington :
_bIFPRI,
_c1978.
440 0 _aResearch Report; No.5
_6S15985.1
520 _aThis paper empirically analyses the impact of a food price subsidy program on levels of food consumption and nutrition of a low income population.
650 4 _aFood.
_6S4863.1
650 4 _aFood consumption -- Kerala -- Nutrition.
_xFood consumption -- Kerala -- Nutrition.
_xFood consumption -- Kerala -- Nutrition.
_6S80033.1
999 _c94847
_d94847